000 01035nam a22003497a 4500
001 BR8403527
003 BR-BrBNA
005 20230928091951.0
007 ta
008 230509b bl.||||| |||| 00| 0 por d
040 _aBR-BrBNA
_bpor
_cBiblioteca Nacional de Agricultura
041 _a(Por)
072 _aH20
_b0210
_b3575
_b4150
090 _ 0210 BR8403527
100 1 _aDias, J.A.C. de S.
100 1 _aCosta, A.S.
110 1 _aFundacao Cargill, Campinas, SP (Brasil)
245 1 _aMetodo cova/pre-plantio na selecao da batata-semente [Solanum tuberosum, virus, variedade resistente]
260 3 _aCampinas, SP (Brasil):
_c1984.
300 _a68 p.
500 _a9 illus.; 6 tables; Summaries (Eng, Por); Bibliography p. 55-68 (132 ref.)
650 _aBATATA
650 _aBATATA SEMENTE
650 _aVARIEDADE
650 _aCLONE
650 _aVIRUS
650 _aENROLAMENTO
650 _aSELECAO GENETICA
650 _aCERTIFICACAO DE SEMENTE
909 _a202309
_bLucia
_c55
_dLucia Elande
942 _cBK
999 _c36455
_d36455